| 000 | 00467cam a22001337a 4500 | ||
|---|---|---|---|
| 008 | 180718b1976 xxu||||| |||| 00| 0 eng d | ||
| 082 | _aA2:Z442 Oh3 | ||
| 245 | _aAgricultural credit and rural savings: II | ||
| 260 |
_aColumbus _bThe Department _c1976 |
||
| 300 | _a69p. | ||
| 440 | _aAID Bibliography Series: Agriculture No 8. | ||
| 650 | _aAgricultural credit - Bibliography | ||
| 700 | _aUnited States. Ohio University. Department of Agriculture and Rural Sociology | ||
| 999 |
_c477275 _d477275 |
||